000 01348nam2a2200325 4500
001 RU\NLR\BIBL_A\016348036
005 20230517174846.0
010 _a978-5-389-22328-8
_98000
021 _aRU
_bАЛ-П-23-00215и
_9АЛ-П-23-0045
035 _a(NLR Aleph) 016348036
035 _a(RuMoRGB)011644768
090 _a13112292
_c13112292
100 _a20230418d2023 u y0rusy50 ca
101 1 _arus
_cjpn
102 _aRU
105 _aa t 000ay
200 1 _aТехнорыцарь & Неизвестная сила
210 _d2023
215 _a[384] с.
_cил.
300 _aВ макете загл. и авт.: One-Punch Man 13 / One & Юскэ Мурата
327 1 _aСодерж.: Кн. 25: Технорыцарь; кн. 26: Неизвестная сила
333 _a18+
461 0 _1001RU\NLR\BIBL_A\011689120
_12001#$aOne-Punch Man$e[манга]$fOne$g[перевод с японского Кристины Огневой]$gхудожник Юскэ Мурата$v13
_911328634
_cСанкт-Петербург [и др.]
_d2018
_fOne
_nАзбука [и др.]
_o[манга]
_tOne-Punch Man
_v13
517 1 _aТехнорыцарь
517 1 _aНеизвестная сила
942 _cBOOK
980 _aNB